Kolokvium o soudobém antisemitismu / editor Věra Tydlitátová
Record details
- ISBN: 978-80-87025-14-7
- Physical Description: 119 s. : il., faksim. ; 23 cm
- Publisher: Ústí nad Labem : Dryada, 2007
Content descriptions
| Bibliography, etc. Note: | Obsahuje bibliografie a bibliografické odkazy |
Search for related items by subject
| Subject: | antisemitismus antisemitismus > Evropa antisemitismus > Česko antisemitism antisemitism > Europe antisemitism > Czechia |
| Genre: | sborníky konferencí proceedings of conferences |
Available copies
- 1 of 1 copy available at Common Catalog SPOK.
Holds
- 0 current holds with 1 total copy.
Show Only Available Copies
| Location | Call Number / Copy Notes | Barcode | Shelving Location | Status | Due Date |
|---|---|---|---|---|---|
| The Jewish community of Prague | J 1609 | 4638302889 | J - Judaika | Available | - |
| LDR | 01743nam a2200493 a 4500 | ||
|---|---|---|---|
| 001 | 54756 | ||
| 003 | CZ-PrJAB | ||
| 005 | 20231107145502.0 | ||
| 007 | ta | ||
| 008 | 080826s2007 xr ah f 100 0 cze | ||
| 020 | . | ‡a978-80-87025-14-7 ‡q(Králová Vlasta ; ‡qbrož.) | |
| 035 | . | ‡a(CZ PrSKC)nkc20081810404 | |
| 035 | . | ‡a(OCoLC)259736968 | |
| 040 | . | ‡aABA001 ‡bcze | |
| 043 | . | ‡ae------ ‡ae-xr--- | |
| 045 | . | ‡aw8y0 | |
| 072 | 7. | ‡a323 ‡xVnitropolitický vývoj, politický život ‡2Konspekt ‡915 | |
| 080 | . | ‡a323.12(=411.16) ‡2MRF | |
| 080 | . | ‡a(4) ‡2MRF | |
| 080 | . | ‡a(437.3) ‡2MRF | |
| 080 | . | ‡a(062.534) ‡2MRF | |
| 245 | 0 | 0. | ‡aKolokvium o soudobém antisemitismu / ‡ceditor Věra Tydlitátová |
| 260 | . | ‡aÚstí nad Labem : ‡bDryada, ‡c2007 | |
| 300 | . | ‡a119 s. : ‡bil., faksim. ; ‡c23 cm | |
| 504 | . | ‡aObsahuje bibliografie a bibliografické odkazy | |
| 648 | 7. | ‡a19.-21. století ‡7ch757016 ‡2czenas | |
| 650 | 0 | 7. | ‡aantisemitismus ‡7ph118516 ‡2czenas |
| 650 | 0 | 7. | ‡aantisemitismus ‡7ph118516 ‡zEvropa ‡2czenas |
| 650 | 0 | 7. | ‡aantisemitismus ‡7ph118516 ‡zČesko ‡2czenas |
| 650 | 0 | 9. | ‡aantisemitism ‡2eczenas |
| 650 | 0 | 9. | ‡aantisemitism ‡zEurope ‡2eczenas |
| 650 | 0 | 9. | ‡aantisemitism ‡zCzechia ‡2eczenas |
| 655 | 7. | ‡asborníky konferencí ‡7fd133333 ‡2czenas | |
| 655 | 9. | ‡aproceedings of conferences ‡2eczenas | |
| 700 | 1 | . | ‡aTydlitátová, Věra, ‡d1959- ‡7jn99240001209 ‡4edt |
| 910 | . | ‡aABE461 | |
| 995 | . | ‡aska | |
| 901 | . | ‡a54756 ‡bAUTOGEN ‡c54756 ‡tbiblio | |